000
00290nam a22001337a 4500
008
171002b xxu||||| |||| 00| 0 eng d
020
_a
0890420645
041
_a
eng
080
_a
159.9
100
_a
48
101
_a
PSI
245
_a
DIAGNOSTIC CRITERIA
_c
JAMES.K
942
_2
udc
_c
BK
999
_c
31245
_d
31245